| 000 | 00502nam a22001817a 4500 | ||
|---|---|---|---|
| 003 | OSt | ||
| 005 | 20220107122824.0 | ||
| 008 | 161227b xxu||||| |||| 00| 0 eng d | ||
| 040 | _cIIITMK | ||
| 100 |
_aSyam Hari S R (91614006) _911177 |
||
| 245 | _aSecured file sharing system-sync box | ||
| 300 | _aMSc IT - Main | ||
| 502 |
_bMSc IT _c2014-16 _dINT _eMr. David Mathews |
||
| 650 |
_aCOMPUTER SCIENCE _911306 |
||
| 650 |
_aCOMPUTER SECURITY _911307 |
||
| 650 |
_aFILE SHARING _911308 |
||
| 942 |
_2ddc _cPR |
||
| 999 |
_c5544 _d5544 |
||